| 000 | 00334nam a2200109Ia 4500 | ||
|---|---|---|---|
| 008 | 171211s9999 xx 000 0 und d | ||
| 245 | _aFrom Blank Space To Blogging Brilliance | ||
| 245 | _cC. D. Beatrice Clay and Raven Robinson | ||
| 260 | _c2015 | ||
| 650 | _xWeb Development | ||
| 856 | _uhttp://down.ebook777.com/005/B00W4JYPME.pdf | ||
| 999 |
_c350121 _d350121 |
||